000 01823nam a2200517 i 4500
001 31523
003 KOSZ 005
005 20240405063054.0
008 980313s1997 pl a f |000 0 pol
015 _aUWD 1998/2610
035 _a991003473549705066
035 _a(PL-WaBN)b10932707-48omnis_nlop
035 _ab10932707
035 _a(OCoLC)749410173
035 _a(PL)b0000001093270
035 _a(EXLNZ-48OMNIS_NETWORK)9910332568105606
040 _aWA N
_cWA N
_dKOSZ 005/HR
041 0 _apol
_beng
046 _k1997
080 _a631.95(438)"1989/..."
080 _a504(438)"1989/..."
100 1 _aMichałowski, Kazimierz
_eAutor
245 1 0 _aUwarunkowania ekologizacji rolnictwa na obszarze funkcjonalnym "Zielone Płuca Polski" /
_cKazimierz Michałowski.
260 _aBiałystok :
_bWydawnictwa PB,
_c1997.
300 _a198 s. :
_bmapy, wykr. ;
_c23 cm.
336 _aTekst
_btxt
_2rdacontent
337 _aBez urządzenia pośredniczącego
_bn
_2rdamedia
338 _aWolumin
_bnc
_2rdacarrier
380 _aKsiążki
380 _aPublikacje naukowe
388 _a1901-2000
388 _a1989-2000
490 1 _aRozprawy Naukowe / Politechnika Białostocka,
_x0867-096X ;
_vnr 43
504 _aBibliogr. s. 148-154.
546 _aStreszcz. ang.
648 7 _a1901-2000
650 7 _aRolnictwo ekologiczne
_2DBN
651 7 _aZielone Płuca Polski (region)
_2DBN
658 _aRolnictwo i leśnictwo
658 _aOchrona środowiska
710 2 _aOficyna Wydawnicza Politechniki Białostockiej
_4pbl
830 0 _aRozprawy Naukowe - Politechnika Białostocka
_vnr 43
856 _uhttp://koha.tu.koszalin.pl/cgi-bin/koha/opac-detail.pl?biblionumber=31523
_yKatalog online BPK
942 _2UKD
_cKS
999 _c31523
_d31523